| 000 | 006280000a22001570004500 | ||
|---|---|---|---|
| 008 | 100903t xxu||||| |||| 00| 0 eng d | ||
| 082 | _a26879 | ||
| 090 |
_c26879 _d26879 |
||
| 100 |
_aTwikirize,Gad _946691 |
||
| 245 |
_aRe-examining public procurement, constraints and opportunities for effective procurement practices: _ban investigational study of Procuring Entities in Kampala district / _cTwikirize,Gad |
||
| 260 |
_aNkozi : _b Uganda Martyrs University, _c2002 |
||
| 300 |
_avii, 49 p. ; _c30 cm. |
||
| 500 | _aMaster of Business Administration and Management | ||
| 650 |
_aProcurement _911400 |
||
| 942 |
_cMASTER DIS _2ddc |
||
| 999 |
_c26879 _d26879 |
||